| 000 | 00805nam0a22002651 4500 | ||
|---|---|---|---|
| 001 | v19\rc\1658112 | ||
| 005 | 20250619005318.0 | ||
| 035 | _a(NLR Aleph) 004768089 | ||
| 090 |
_a4615455 _c4615455 |
||
| 100 | _a20061002d1890 |||y0rusy50 ca | ||
| 101 | 0 | _arus | |
| 102 | _aRU | ||
| 105 | _ay z ||||| | ||
| 200 | 1 | _aЗаписка по делу истца Мейеровича с ответчиком Серебряковым... | |
| 210 |
_aСанкт-Петербург _cтип. М-ва пут. сообщ. _d1890 |
||
| 215 |
_a12 с. _d28 |
||
| 702 | 1 |
_aМейерович _4570 |
|
| 702 | 1 |
_aСеребряков _4570 |
|
| 801 | 0 |
_aRU _bNLR _gpsbo |
|
| 801 | 0 |
_aRU _bRuMoRGB _2psbo |
|
| 801 | 1 |
_aRU _bProSoft-M _2rusmarc |
|
| 852 |
_aNLR _j18.292.1.118 |
||
| 899 | _aБАН | ||
| 942 | _cBOOK | ||
| 980 | _aNB | ||